000 00549nam a2200157Ia 4500
008 100122s9999 xx 000 0 und d
082 _b7554
_a25
100 _aपडोळे ल वा
245 _aमराठी ग्रंथालयाचा इतिहास
250 _a0
260 _bपूजा प्रकाशन
_c1951
300 _a276
630 _aमराठी ग्रंथालयाचा इतिहास
730 _aमराठी ग्रंथालयाचा इतिहास
942 _cBOOK
999 _c400219
_d400216